Septiembre martes 11: auge y caída de Allende

Saved in:
Bibliografiske detaljer
Main Authors: Alvarez B., Luis (Author), Castillo, Francisco (Author), Santibáñez, Abraham (Author)
Format: Bog
Sprog:spansk
Udgivet: Santiago Ediciones Triunfo 1973
Udgivelse:4a. ed
Fag:
Tags: Tilføj Tag
Ingen Tags, Vær først til at tagge denne postø!

MARC

LEADER 00000cam a2200000 a 4500
001 UCE9913
003 CL-VaPUC
008 151112e19730000cl |||||||||||||||||spa|d
082 0 4 |a 983.065  |b ALV  |2 21 
100 0 |a Alvarez B., Luis  |e author  |9 582893 
700 0 |a Castillo, Francisco  |e author  |9 582894 
700 0 |a Santibáñez, Abraham  |e author  |9 582895 
245 1 0 |a Septiembre martes 11: auge y caída de Allende 
250 |a 4a. ed 
300 |a 176 p 
942 |c BK 
945 |d 20151112 20:22:00  |a dcastane 
260 |a Santiago  |b Ediciones Triunfo  |c 1973 
600 0 |a Allende Gossens, Salvador,   |d 1908-1973  |9 257222 
650 0 |a Historia de Chile siglo 20  |9 268145 
650 0 |a Unidad popular  |9 317409 
650 0 |a Golpe militar   |9 379681 
583 |a last modification  |c 20151112 20:22:00  |k Rodrigo Vera 
999 |c 361555  |d 361553 
952 |0 0  |1 0  |3 erb  |4 0  |6 983_065000000000000_ALV_1973  |7 0  |8 A  |9 472144  |a BIBHIS  |b BIBHIS  |i 5210119  |o 983.065 ALV 1973  |p 5210119  |r 2025-01-20  |w 2019-11-24  |y BK  |z Catalogado en:20151112  |k HIS 
952 |0 0  |1 0  |3 erb  |4 0  |6 983_065000000000000_ALV_1973  |7 0  |8 A  |9 472145  |a BIBHIS  |b BIBHIS  |i 5295564  |o 983.065 ALV 1973  |p 5295564  |r 2025-01-20  |w 2019-11-24  |y BK  |z Catalogado en:20160708  |k HIS